[Event "POL-chT Ekstraliga"]
[Site "Chotowa"]
[Date "2025.06.02"]
[Round "1.6"]
[White "Maltsevskaya, Aleksandra"]
[Black "Kulon, Klaudia"]
[Result "1/2-1/2"]
[WhiteElo "2403"]
[BlackElo "2407"]
[PlyCount "92"]
[EventDate "2025.06.02"]
[EventType "team-tourn"]
[EventRounds "9"]
[EventCountry "POL"]
[SourceTitle "CB24_2025"]
[SourceDate "2025.06.11"]
[SourceVersion "1"]
[SourceVersionDate "2025.06.11"]
[SourceQuality "1"]
[WhiteTeam "Pegow Wieza"]
[BlackTeam "Miedzyborow Wrzos"]
[WhiteTeamCountry "POL"]
[BlackTeamCountry "POL"]

1. c4 e6 2. Nf3 d5 3. d4 c6 4. e3 Bd6 5. Bd3 f5 6. 0-0 Nf6 7. b3 Qe7 8. a4 a5 9. Ba3 Bxa3 10. Nxa3 0-0 11. Nc2 b6 12. Ne5 Bb7 13. cxd5 Nxd5 14. Rc1 Nd7 15. Nxd7 Qxd7 16. Na3 Rac8 17. Nc4 Qd8 18. Be2 c5 19. Bf3 Ba6 20. Re1 Nb4 21. Be2 Qc7 22. Ne5 Bb7 23. Bf3 Rfd8 24. Qe2 Bd5 25. Bxd5 Rxd5 26. Nf3 Rdd8 27. h3 Qd6 28. dxc5 Rxc5 29. Rxc5 Qxc5 30. Nd4 Qd5 31. Rc1 g6 32. Qc4 e5 33. Nf3 Qxc4 34. Rxc4 Rd1+ 35. Kh2 e4 36. Nd4 Nd3 37. Rc7 Nxf2 38. Ne6 Rd6 39. Rg7+ Kh8 40. Re7 Kg8 41. Rg7+ Kh8 42. Re7 h6 43. Re8+ Kh7 44. Re7+ Kh8 45. Re8+ Kh7 46. Re7+ Kh8 1/2-1/2

[Event "EU-ch (Women) 25th"]
[Site "Rhodes"]
[Date "2025.04.08"]
[Round "8"]
[White "Maltsevskaya, Aleksandra"]
[Black "Smietanska, Wiktoria"]
[Result "1-0"]
[WhiteElo "2383"]
[BlackElo "2239"]
[PlyCount "99"]
[EventDate "2025.03.31"]
[EventType "swiss"]
[EventRounds "11"]
[EventCountry "GRE"]
[SourceTitle "CB16_2025"]
[SourceDate "2025.04.16"]
[SourceVersion "1"]
[SourceVersionDate "2025.04.16"]
[SourceQuality "1"]

1. e4 c5 2. b3 Nf6 3. e5 Nd5 4. Nf3 Nc6 5. Bb2 e6 6. g3 Be7 7. c4 Ndb4 8. a3 Na6 9. Bg2 0-0 10. 0-0 f6 11. exf6 Bxf6 12. Bxf6 Qxf6 13. Nc3 Nd4 14. Nxd4 cxd4 15. Ne4 Qe7 16. f4 d5 17. cxd5 exd5 18. Ng5 Nc7 19. Re1 Qd6 20. b4 Bf5 21. Rc1 Rfe8 22. Qb3 Rxe1+ 23. Rxe1 Rd8 24. Re5 g6 25. h3 Qc6 26. Kh2 Bc2 27. Qb2 Qc4 28. Re7 Re8 29. Rxe8+ Nxe8 30. Bxd5+ Qxd5 31. Qxc2 Kg7 32. Qc8 Nf6 33. Qe6 Qxe6 34. Nxe6+ Kf7 35. Nxd4 Ne4 36. Nf3 Ke7 37. Kg2 Kd6 38. d3 Nc3 39. Ng5 Nb1 40. a4 Kd5 41. Nxh7 Nc3 42. Nf8 Nxa4 43. Nxg6 Nb2 44. Ne5 b6 45. h4 a5 46. bxa5 bxa5 47. h5 Ke6 48. h6 Kf6 49. g4 a4 50. g5+ 1-0

[Event "EU-ch (Women) 25th"]
[Site "Rhodes"]
[Date "2025.04.03"]
[Round "4"]
[White "Maltsevskaya, Aleksandra"]
[Black "Unuk, Laura"]
[Result "1-0"]
[WhiteElo "2383"]
[BlackElo "2285"]
[PlyCount "55"]
[EventDate "2025.03.31"]
[EventType "swiss"]
[EventRounds "11"]
[EventCountry "GRE"]
[SourceTitle "CB16_2025"]
[SourceDate "2025.04.16"]
[SourceVersion "1"]
[SourceVersionDate "2025.04.16"]
[SourceQuality "1"]

1. c4 e6 2. Nf3 d5 3. g3 Nf6 4. Bg2 c5 5. cxd5 exd5 6. d4 Nc6 7. 0-0 Be7 8. Nc3 0-0 9. h3 a6 10. Be3 c4 11. Ne5 Be6 12. f4 Qc7 13. f5 Bc8 14. g4 h6 15. Qd2 Bd6 16. Nxc6 bxc6 17. Bxh6 gxh6 18. Qxh6 Qe7 19. e4 Rd8 20. e5 Qa7 21. Qg5+ Kh7 22. exf6 Qxd4+ 23. Kh1 Bf8 24. Qh5+ Kg8 25. g5 Qe3 26. Rae1 Qd2 27. Re2 Qd3 28. g6 1-0

[Event "EU-ch (Women) 25th"]
[Site "Rhodes"]
[Date "2025.03.31"]
[Round "1"]
[White "Koridze, Lile"]
[Black "Maltsevskaya, Aleksandra"]
[Result "0-1"]
[WhiteElo "2115"]
[BlackElo "2383"]
[PlyCount "112"]
[EventDate "2025.03.31"]
[EventType "swiss"]
[EventRounds "11"]
[EventCountry "GRE"]
[SourceTitle "CB16_2025"]
[SourceDate "2025.04.16"]
[SourceVersion "1"]
[SourceVersionDate "2025.04.16"]
[SourceQuality "1"]

1. d4 Nf6 2. c4 g6 3. Nc3 c5 4. d5 Bg7 5. Nf3 0-0 6. e4 d6 7. Be2 e5 8. dxe6 Bxe6 9. Bf4 Qa5 10. 0-0 Nc6 11. Re1 Rad8 12. Bd3 Ng4 13. Bg5 Rde8 14. Nb5 h6 15. Bd2 Qb6 16. h3 Nge5 17. Bc3 a6 18. Nxe5 Bxe5 19. Na3 Bxc3 20. bxc3 Qa5 21. Qc1 Kg7 22. Rb1 Rb8 23. f4 Rfe8 24. Qb2 Re7 25. Nc2 b5 26. cxb5 c4 27. Bf1 Rxb5 28. Nb4 Reb7 29. Red1 Qb6+ 30. Kh1 Qe3 31. Qa1 Ne7 32. a4 Rh5 33. Nc2 Qxe4 34. Rxb7 Qxb7 35. Kh2 Ra5 36. Rxd6 Qc7 37. Qd1 Nd5 38. Qd4+ Kh7 39. Rxe6 fxe6 40. Bxc4 Rxa4 41. Nb4 Qxf4+ 42. Qxf4 Nxf4 43. Bxa6 Nd5 44. Bb5 Ra3 45. Bc4 Nxb4 46. cxb4 e5 47. b5 Ra4 48. Bd5 Rb4 49. Bc6 Rb3 50. Kg1 Kg7 51. Kf2 Kf6 52. g3 Kf5 53. Be8 e4 54. Bd7+ Ke5 55. Be8 g5 56. Bc6 Kd4 0-1

[Event "EU-ch 25th"]
[Site "Eforie Nord"]
[Date "2025.03.24"]
[Round "9"]
[White "Maltsevskaya, Aleksandra"]
[Black "Olsen, Filip Boe"]
[Result "1/2-1/2"]
[WhiteElo "2376"]
[BlackElo "2468"]
[PlyCount "36"]
[EventDate "2025.03.15"]
[EventType "swiss"]
[EventRounds "11"]
[EventCountry "ROU"]
[SourceTitle "CB13_2025"]
[SourceDate "2025.03.26"]
[SourceVersion "1"]
[SourceVersionDate "2025.03.26"]
[SourceQuality "1"]

1. e4 c6 2. d4 d5 3. e5 c5 4. Nf3 Bg4 5. dxc5 Nc6 6. c3 e6 7. b4 g6 8. Bb5 Bg7 9. Bf4 g5 10. Bg3 Nge7 11. h3 Bxf3 12. Qxf3 Qc7 13. 0-0 Nf5 14. Re1 h5 15. c4 0-0-0 16. Bxc6 Qxc6 17. cxd5 Qxd5 18. Qxd5 exd5 1/2-1/2

[Event "EU-ch 25th"]
[Site "Eforie Nord"]
[Date "2025.03.23"]
[Round "8"]
[White "Brunello, Sabino"]
[Black "Maltsevskaya, Aleksandra"]
[Result "1/2-1/2"]
[WhiteElo "2494"]
[BlackElo "2376"]
[PlyCount "107"]
[EventDate "2025.03.15"]
[EventType "swiss"]
[EventRounds "11"]
[EventCountry "ROU"]
[SourceTitle "CB13_2025"]
[SourceDate "2025.03.26"]
[SourceVersion "1"]
[SourceVersionDate "2025.03.26"]
[SourceQuality "1"]

1. Nf3 Nf6 2. g3 d5 3. Bg2 g6 4. c4 c6 5. b3 Bg7 6. Bb2 0-0 7. 0-0 Bg4 8. d3 Re8 9. Nbd2 Nbd7 10. h3 Bxf3 11. Nxf3 e5 12. cxd5 cxd5 13. Rc1 Qb6 14. e3 Bf8 15. Rc2 Qa6 16. Qe2 e4 17. dxe4 Qxe2 18. Rxe2 dxe4 19. Nd2 Rac8 20. Rd1 Rc7 21. g4 h6 22. h4 g5 23. hxg5 hxg5 24. Nc4 b5 25. Nd6 Bxd6 26. Rxd6 Re6 27. Red2 Kf8 28. Bf1 Rxd6 29. Ba3 Kg7 30. Bxd6 Rc1 31. Kg2 Nxg4 32. Ba3 Rc7 33. Bxb5 Nde5 34. Be2 Kg6 35. Bb2 f6 36. Kg3 Nh6 37. Bxe5 Nf5+ 38. Kg2 fxe5 39. Bc4 Nh4+ 40. Kg3 Nf5+ 41. Kg2 Rh7 42. Be6 Nh4+ 43. Kg3 Rc7 44. Bd5 Nf5+ 45. Kg2 Nh4+ 46. Kh3 Kf5 47. Bc4 Rh7 48. Kg3 g4 49. Rd8 Nf3 50. Rf8+ Kg5 51. Rg8+ Kf5 52. Rf8+ Kg5 53. Rg8+ Kf5 54. Rf8+ 1/2-1/2

[Event "Titled Tuesday intern op 04th Mar Early"]
[Site "Chess.com INT"]
[Date "2025.03.04"]
[Round "8"]
[White "Ibarra Jerez, Jose Carlos"]
[Black "Maltsevskaya, Aleksandra"]
[Result "1-0"]
[WhiteElo "2559"]
[BlackElo "2376"]
[PlyCount "75"]
[EventDate "2025.03.04"]
[EventType "swiss (blitz)"]
[EventRounds "11"]
[EventCountry "USA"]
[SourceTitle "CB11_2025"]
[SourceDate "2025.03.12"]
[SourceVersion "1"]
[SourceVersionDate "2025.03.12"]
[SourceQuality "1"]

1. e4 c5 2. Nf3 e6 3. d3 d5 4. Qe2 Ne7 5. g3 g6 6. h4 h5 7. Bg5 Bg7 8. e5 Nbc6 9. c3 Qc7 10. Bf4 b6 11. Bg2 a5 12. a4 Ba6 13. 0-0 g5 14. hxg5 Ng6 15. c4 d4 16. Na3 0-0-0 17. Rfe1 h4 18. Nb5 Bxb5 19. cxb5 Nb4 20. Nd2 Nd5 21. Qf3 h3 22. Bh1 h2+ 23. Kf1 Ngxf4 24. gxf4 Rh4 25. Re4 Rdh8 26. Nc4 Rh3 27. Qg2 Rxd3 28. f5 Kb8 29. g6 exf5 30. Ree1 Rd8 31. gxf7 f4 32. Qxg7 Qe7 33. Bxd5 f3 34. Bxf3 Rxf3 35. Qg2 Rxf7 36. e6 Rdf8 37. exf7 Qxf7 38. Qxh2+ 1-0

[Event "Titled Tuesday intern op 04th Mar Early"]
[Site "Chess.com INT"]
[Date "2025.03.04"]
[Round "3"]
[White "Le, Tuan Minh"]
[Black "Maltsevskaya, Aleksandra"]
[Result "0-1"]
[WhiteElo "2598"]
[BlackElo "2376"]
[PlyCount "134"]
[EventDate "2025.03.04"]
[EventType "swiss (blitz)"]
[EventRounds "11"]
[EventCountry "USA"]
[SourceTitle "CB11_2025"]
[SourceDate "2025.03.12"]
[SourceVersion "1"]
[SourceVersionDate "2025.03.12"]
[SourceQuality "1"]

1. d4 Nf6 2. Nf3 g6 3. Nbd2 Bg7 4. e4 d6 5. Bb5+ c6 6. Bd3 0-0 7. 0-0 Nbd7 8. Re1 e5 9. c3 Re8 10. a4 h6 11. Nf1 Nh5 12. Bc4 Nb6 13. Bb3 a5 14. Be3 exd4 15. Bxd4 Be6 16. Bxg7 Nxg7 17. Ng3 h5 18. h3 h4 19. Nf1 Bxb3 20. Qxb3 Ne6 21. Rad1 Nc5 22. Qc2 Qf6 23. N1h2 Qf4 24. Ng4 Nbd7 25. Rd4 Ne6 26. Rd2 Ne5 27. Nfxe5 dxe5 28. Rd3 Ng5 29. Rd6 Re6 30. Rd7 Kg7 31. Re3 b5 32. Qd1 bxa4 33. Qxa4 Rb8 34. Qc2 a4 35. Ra7 c5 36. Rxa4 Reb6 37. Ra2 Rd6 38. Qe2 Rbd8 39. Ra1 Rd2 40. Qe1 Rxb2 41. Re2 Rdd2 42. Rxd2 Rxd2 43. Ra7 Rc2 44. Ne3 Rb2 45. Nc4 Rc2 46. Nd6 Rc1 47. Ra1 Rxe1+ 48. Rxe1 Nf3+ 49. gxf3 Qxf3 50. Re3 Qd1+ 51. Kg2 Qxd6 52. Kf3 Qe6 53. Ke2 Qf6 54. Rf3 Qg5 55. Re3 Qf4 56. Kf1 Qh2 57. Rf3 f5 58. Ke2 fxe4 59. Re3 Qf4 60. Kf1 c4 61. Kg2 g5 62. Kf1 Kf6 63. Kg1 Ke6 64. Kg2 Kd5 65. Kf1 g4 66. hxg4 Qxg4 67. Re1 h3 0-1

[Event "Titled Tuesday intern op 04th Mar Early"]
[Site "Chess.com INT"]
[Date "2025.03.04"]
[Round "11"]
[White "Maltsevskaya, Aleksandra"]
[Black "Golizadeh, Asghar"]
[Result "0-1"]
[WhiteElo "2376"]
[BlackElo "2457"]
[PlyCount "118"]
[EventDate "2025.03.04"]
[EventType "swiss (blitz)"]
[EventRounds "11"]
[EventCountry "USA"]
[SourceTitle "CB11_2025"]
[SourceDate "2025.03.12"]
[SourceVersion "1"]
[SourceVersionDate "2025.03.12"]
[SourceQuality "1"]

1. Nf3 Nf6 2. g3 g6 3. d3 Bg7 4. Nbd2 d5 5. Bg2 0-0 6. 0-0 Nc6 7. e4 dxe4 8. dxe4 a5 9. c3 a4 10. a3 Nd7 11. Qe2 b6 12. Rd1 Ba6 13. Qe1 Qe8 14. e5 Nc5 15. Ne4 Nd3 16. Qe3 Ndxe5 17. h4 Rd8 18. Bd2 Rd3 19. Qe2 Nxf3+ 20. Bxf3 Qc8 21. Bf4 Rfd8 22. Rxd3 Bxd3 23. Qe1 Na5 24. Rd1 Nc4 25. Bc1 e5 26. Bg5 Rd7 27. Nf6+ Bxf6 28. Bxf6 Nxb2 29. Qxe5 Nxd1 30. Bh8 f6 31. Bxf6 Qf8 32. Bd5+ Rxd5 33. Qxd5+ Qf7 34. Qxd3 Qxf6 35. Qxd1 Qxc3 36. Qd8+ Kg7 37. Qd7+ Kf6 38. Qxa4 Qc5 39. Qf4+ Kg7 40. a4 Qd6 41. Qe4 Qd1+ 42. Kg2 Qd6 43. h5 c5 44. hxg6 hxg6 45. f4 Qc7 46. Qc4 Qc6+ 47. Kh2 Qd6 48. Kh3 Kf6 49. Qc3+ Kf7 50. Qh8 Qe6+ 51. Kh2 Qe2+ 52. Kg1 Qd1+ 53. Kg2 Qxa4 54. Qc8 Qa7 55. Qc6 Qe7 56. Qxb6 Qe4+ 57. Kh2 c4 58. Qc5 Qc2+ 59. Kh3 Qf5+ 0-1

[Event "Titled Tuesday intern op 04th Mar Early"]
[Site "Chess.com INT"]
[Date "2025.03.04"]
[Round "1"]
[White "Maltsevskaya, Aleksandra"]
[Black "Toth, Christian Endre"]
[Result "1-0"]
[WhiteElo "2376"]
[BlackElo "2354"]
[PlyCount "51"]
[EventDate "2025.03.04"]
[EventType "swiss (blitz)"]
[EventRounds "11"]
[EventCountry "USA"]
[SourceTitle "CB11_2025"]
[SourceDate "2025.03.12"]
[SourceVersion "1"]
[SourceVersionDate "2025.03.12"]
[SourceQuality "1"]

1. Nf3 Nf6 2. g3 g6 3. Bg2 Bg7 4. 0-0 0-0 5. d3 d5 6. Nbd2 c5 7. e4 Nc6 8. exd5 Nxd5 9. Nc4 b6 10. c3 Bb7 11. a4 h6 12. a5 Rc8 13. axb6 axb6 14. Qb3 Re8 15. Nfd2 e6 16. Re1 f5 17. Bxd5 exd5 18. Rxe8+ Qxe8 19. Nd6 Qe1+ 20. Nf1 Na5 21. Rxa5 bxa5 22. Qxb7 Rd8 23. Bxh6 Bxh6 24. Qf7+ Kh8 25. Qf6+ Kh7 26. Qxd8 1-0

[Event "Titled Tuesday intern op 25th Feb Early"]
[Site "Chess.com INT"]
[Date "2025.02.25"]
[Round "7"]
[White "Maltsevskaya, Aleksandra"]
[Black "Punin, Andrii"]
[Result "0-1"]
[WhiteElo "2371"]
[BlackElo "2289"]
[PlyCount "58"]
[EventDate "2025.02.25"]
[EventType "swiss (blitz)"]
[EventRounds "11"]
[EventCountry "USA"]
[SourceTitle "CB10_2025"]
[SourceDate "2025.03.05"]
[SourceVersion "1"]
[SourceVersionDate "2025.03.05"]
[SourceQuality "1"]

1. e4 c6 2. Nf3 d5 3. Nc3 dxe4 4. Nxe4 Nf6 5. Nxf6+ exf6 6. d4 Bd6 7. Bd3 0-0 8. 0-0 Bg4 9. h3 Bh5 10. c3 Re8 11. Be2 Nd7 12. Re1 Qc7 13. Be3 Nf8 14. Nd2 Bxe2 15. Qxe2 Bh2+ 16. Kh1 Bf4 17. Qg4 Bxe3 18. fxe3 Qd7 19. Qg3 f5 20. e4 fxe4 21. Nxe4 Ng6 22. Re2 Re7 23. Rae1 Rae8 24. Nc5 Qc8 25. Rxe7 Rxe7 26. Rxe7 Nxe7 27. Qd6 Nf5 28. Qe5 f6 29. Qe4 Ng3+ 0-1

[Event "Titled Tuesday intern op 25th Feb Early"]
[Site "Chess.com INT"]
[Date "2025.02.25"]
[Round "6"]
[White "Yoo, Christopher Woojin"]
[Black "Maltsevskaya, Aleksandra"]
[Result "1-0"]
[WhiteElo "2588"]
[BlackElo "2371"]
[PlyCount "51"]
[EventDate "2025.02.25"]
[EventType "swiss (blitz)"]
[EventRounds "11"]
[EventCountry "USA"]
[SourceTitle "CB10_2025"]
[SourceDate "2025.03.05"]
[SourceVersion "1"]
[SourceVersionDate "2025.03.05"]
[SourceQuality "1"]

1. e4 c5 2. Nf3 e6 3. c3 d5 4. exd5 exd5 5. Bb5+ Nc6 6. 0-0 Bd6 7. d4 Nge7 8. dxc5 Bxc5 9. Nbd2 0-0 10. Nb3 Bb6 11. h3 h6 12. Re1 Nf5 13. Bf4 Be6 14. Qd2 Qf6 15. Bd3 Rfe8 16. Re2 Nh4 17. Nxh4 Qxh4 18. Kh2 Bxh3 19. Bg3 Qf6 20. Kxh3 Ne5 21. Rae1 Bc7 22. Nd4 Re7 23. Bxe5 Rxe5 24. Rxe5 Bxe5 25. Qe3 Bf4 26. Qe8+ 1-0

[Event "Titled Tuesday intern op 11th Feb Early"]
[Site "Chess.com INT"]
[Date "2025.02.11"]
[Round "10"]
[White "Hajiyev, Kanan"]
[Black "Maltsevskaya, Aleksandra"]
[Result "1-0"]
[WhiteElo "2188"]
[BlackElo "2371"]
[PlyCount "67"]
[EventDate "2025.02.11"]
[EventType "swiss (blitz)"]
[EventRounds "11"]
[EventCountry "USA"]
[SourceTitle "CB09_2025"]
[SourceDate "2025.02.27"]
[SourceVersion "1"]
[SourceVersionDate "2025.02.27"]
[SourceQuality "1"]

1. b3 Nf6 2. Bb2 g6 3. Nf3 Bg7 4. e3 0-0 5. Be2 d6 6. d4 Nbd7 7. 0-0 e5 8. dxe5 Ng4 9. c4 Ngxe5 10. Nc3 a5 11. Qc2 Nxf3+ 12. Bxf3 Ne5 13. Be2 Bf5 14. Qd2 h5 15. Rad1 h4 16. h3 c6 17. f4 Nd7 18. e4 a4 19. exf5 axb3 20. axb3 Qb6+ 21. Kh1 Qxb3 22. fxg6 fxg6 23. Rb1 Nf6 24. Ba1 Qa3 25. Rxb7 Qc5 26. Ne4 Nxe4 27. Rxg7+ Kh8 28. Qb2 Rxa1 29. Rxg6+ Nf6 30. Rxa1 Qf5 31. Rg4 Kh7 32. Rxh4+ Kg6 33. Qb1 Ne4 34. Bg4 1-0

[Event "Titled Tuesday intern op 11th Feb Early"]
[Site "Chess.com INT"]
[Date "2025.02.11"]
[Round "8"]
[White "Maltsevskaya, Aleksandra"]
[Black "Arakelyan, Manvel"]
[Result "1-0"]
[WhiteElo "2371"]
[BlackElo "2282"]
[PlyCount "55"]
[EventDate "2025.02.11"]
[EventType "swiss (blitz)"]
[EventRounds "11"]
[EventCountry "USA"]
[SourceTitle "CB09_2025"]
[SourceDate "2025.02.27"]
[SourceVersion "1"]
[SourceVersionDate "2025.02.27"]
[SourceQuality "1"]

1. Nf3 d5 2. g3 g6 3. d3 Bg7 4. Nbd2 e5 5. e4 c6 6. Bg2 Ne7 7. 0-0 0-0 8. Re1 d4 9. Nc4 Nd7 10. a4 Qc7 11. b3 b5 12. Ncd2 Bb7 13. Rf1 Rae8 14. Nh4 Nc5 15. f4 exf4 16. gxf4 f5 17. exf5 Nxf5 18. Nxf5 Rxf5 19. Ne4 Ne6 20. axb5 Qb6 21. Nd6 Ref8 22. Nxf5 Rxf5 23. Bh3 Rf6 24. f5 gxf5 25. Bxf5 cxb5 26. Qh5 Nf8 27. Bg5 Rf7 28. Bxh7+ 1-0

[Event "Titled Tuesday intern op 11th Feb Early"]
[Site "Chess.com INT"]
[Date "2025.02.11"]
[Round "2"]
[White "Maltsevskaya, Aleksandra"]
[Black "Goldin, Roman"]
[Result "1-0"]
[WhiteElo "2371"]
[BlackElo "2283"]
[PlyCount "81"]
[EventDate "2025.02.11"]
[EventType "swiss (blitz)"]
[EventRounds "11"]
[EventCountry "USA"]
[SourceTitle "CB08_2025"]
[SourceDate "2025.02.19"]
[SourceVersion "1"]
[SourceVersionDate "2025.02.19"]
[SourceQuality "1"]

1. Nf3 Nf6 2. d4 b5 3. g3 Bb7 4. Bg2 c5 5. dxc5 Na6 6. 0-0 Nxc5 7. Be3 e6 8. c3 Qc7 9. Nbd2 Be7 10. Nb3 Na4 11. Nbd4 a6 12. Qc2 Rc8 13. Rac1 0-0 14. Rfd1 Rfe8 15. Nb3 d6 16. h3 h6 17. Qb1 Nd5 18. Bd2 Bf6 19. e4 Ndb6 20. Bf4 Be7 21. Na5 Ba8 22. e5 d5 23. g4 Nc4 24. Nxc4 dxc4 25. h4 Nc5 26. g5 Be4 27. Qa1 Nd3 28. Rxd3 cxd3 29. gxh6 gxh6 30. Re1 Qb7 31. Qd1 Kh8 32. Bxh6 Rg8 33. Bg5 Bf5 34. Nd4 Qd7 35. Nxf5 Rxg5 36. hxg5 exf5 37. Qh5+ Kg8 38. g6 fxg6 39. Qxg6+ Kf8 40. e6 Qd6 41. Qf7# 1-0